|
|
|
|
| LEADER |
01167nam a2200289 a 4500 |
| 001 |
16715167 |
| 008 |
111226s2012 enk 001 0 eng |
| 010 |
|
|
|a 2011013825
|
| 020 |
|
|
|a 9780273756934 (pbk.)
|
| 040 |
|
|
|a DLC
|c DLC
|d BD-DhAAL
|
| 042 |
|
|
|a pcc
|
| 050 |
0 |
0 |
|a HF5635
|b .A8846 2012
|
| 082 |
0 |
0 |
|a 658.15
|2 22
|
| 100 |
1 |
|
|a Atrill, Peter.
|
| 245 |
1 |
0 |
|a Financial management for decision makers /
|c Peter Atrill.
|
| 250 |
|
|
|a 6th ed.
|
| 260 |
|
|
|a Harlow, England ;
|a New York :
|b Financial Times Prentice Hall,
|c 2012.
|
| 300 |
|
|
|a xxiii, 610 p. :
|b col. ill. ;
|c 27 cm.
|
| 504 |
|
|
|a Includes index.
|
| 541 |
|
|
|e 00024117
|
| 650 |
|
0 |
|a Accounting.
|
| 650 |
|
0 |
|a Decision making.
|
| 852 |
1 |
|
|a Ayesha Abed Library
|c General shelf.
|
| 942 |
0 |
0 |
|0 1
|
| 999 |
|
|
|c 11662
|d 11662
|
| 952 |
|
|
|0 0
|1 0
|2 ddc
|4 0
|6 658_150000000000000_ATR
|7 0
|9 18960
|a BRACUL
|b BRACUL
|c GEN
|d 2011-12-20
|e Parama Publishers
|g 4679.03
|l 3
|m 6
|o 658.15 ATR
|p 3010024117
|r 2025-11-03
|s 2025-10-22
|t 1
|w 2011-12-26
|y BK
|
| 952 |
|
|
|0 0
|1 0
|2 ddc
|4 0
|6 658_150000000000000_ATR
|7 0
|9 18961
|a BRACUL
|b BRACUL
|c GEN
|d 2011-12-20
|e Parama Publishers
|g 4679.03
|l 2
|m 34
|o 658.15 ATR
|p 3010024118
|r 2023-02-02
|s 2022-08-20
|t 2
|w 2011-12-26
|y BK
|